| 000 | 00519nam a22001937a 4500 | ||
|---|---|---|---|
| 005 | 20240219151532.0 | ||
| 008 | 240219b ||||| |||| 00| 0 eng d | ||
| 020 | _a9789391527907 | ||
| 040 |
_aIN-DiNC _cIN-DiNC |
||
| 041 | _dasm | ||
| 082 |
_a954.03 _bGOS |
||
| 100 |
_aGoswami, Pankaj _eauthor |
||
| 245 |
_aMadhyajugar bharatbarshar itihas/ _cby Pankaj Goswami |
||
| 250 | _a1st NEP ed. | ||
| 260 |
_aJorhat: _bBidya bhawan, _c2024. |
||
| 300 | _a396p. | ||
| 650 | _aHistory of medieval India | ||
| 942 |
_2ddc _cBK |
||
| 999 |
_c11734 _d11734 |
||